| 000 | 00381nam a2200145Ia 4500 | ||
|---|---|---|---|
| 008 | 231129s2005||||xx |||||||||||||| ||spa|| | ||
| 020 | _a958-8277-17-5 | ||
| 040 | _bspa | ||
| 082 | _aCD 02 FRE-20 | ||
| 100 | _aMurillo Vargas Nestor Alberto | ||
| 245 | 0 | _aTantra | |
| 260 | _c2005 | ||
| 264 | _aPereira : Editora Nesmur | ||
| 942 |
_2ddc _cBKS |
||
| 999 |
_c25000 _d25000 |
||